<?xml version="1.0" encoding="UTF-8"?>
<record
    xmlns:xsi="http://www.w3.org/2001/XMLSchema-instance"
    xsi:schemaLocation="http://www.loc.gov/MARC21/slim http://www.loc.gov/standards/marcxml/schema/MARC21slim.xsd"
    xmlns="http://www.loc.gov/MARC21/slim">

  <leader>00701nam a22002417a 4500</leader>
  <controlfield tag="003">UA-OsUOA</controlfield>
  <controlfield tag="001"> 124616 </controlfield>
  <controlfield tag="007">ta</controlfield>
  <controlfield tag="008">20170817b un ||||| |||| 00| 0 ukr d</controlfield>
  <datafield tag="100" ind1=" " ind2=" ">
    <subfield code="a">&#x41A;&#x430;&#x43B;&#x44C;&#x43D;&#x438;&#x446;&#x44C;&#x43A;&#x438;&#x439; &#x41C;.</subfield>
  </datafield>
  <datafield tag="090" ind1=" " ind2=" ">
    <subfield code="a">726(477-25)(091)</subfield>
    <subfield code="b">&#x41A;17</subfield>
  </datafield>
  <datafield tag="942" ind1=" " ind2=" ">
    <subfield code="c">BK</subfield>
  </datafield>
  <datafield tag="040" ind1=" " ind2=" ">
    <subfield code="a">UA-OsUOA</subfield>
    <subfield code="b">ukr</subfield>
    <subfield code="c">UA-OsUOA</subfield>
    <subfield code="d">UA-OsUOA</subfield>
  </datafield>
  <datafield tag="245" ind1=" " ind2=" ">
    <subfield code="a">&#x417;&#x440;&#x443;&#x439;&#x43D;&#x43E;&#x432;&#x430;&#x43D;&#x456; &#x441;&#x432;&#x44F;&#x442;&#x438;&#x43D;&#x456; &#x41A;&#x438;&#x454;&#x432;&#x430;: &#x432;&#x442;&#x440;&#x430;&#x442;&#x438; &#x442;&#x430; &#x432;&#x456;&#x434;&#x440;&#x43E;&#x434;&#x436;&#x435;&#x43D;&#x43D;&#x44F;</subfield>
  </datafield>
  <datafield tag="300" ind1=" " ind2=" ">
    <subfield code="a">224 &#x441;.</subfield>
  </datafield>
  <datafield tag="955" ind1=" " ind2=" ">
    <subfield code="a">1</subfield>
  </datafield>
  <datafield tag="041" ind1=" " ind2=" ">
    <subfield code="a">ukr</subfield>
  </datafield>
  <datafield tag="080" ind1=" " ind2=" ">
    <subfield code="a">726(477-25)(091)</subfield>
  </datafield>
  <datafield tag="020" ind1=" " ind2=" ">
    <subfield code="a">978-966-489-183-4</subfield>
  </datafield>
  <datafield tag="260" ind1=" " ind2=" ">
    <subfield code="a">&#x41A;.</subfield>
    <subfield code="b">&#x412;&#x438;&#x434;&#x430;&#x432;&#x43D;&#x438;&#x447;&#x438;&#x439; &#x434;&#x456;&#x43C; &#x414;&#x43C;&#x438;&#x442;&#x440;&#x430; &#x411;&#x443;&#x440;&#x430;&#x433;&#x43E;</subfield>
    <subfield code="c">2012</subfield>
  </datafield>
  <datafield tag="650" ind1=" " ind2="7">
    <subfield code="a">72 &#x410;&#x440;&#x445;&#x456;&#x442;&#x435;&#x43A;&#x442;&#x443;&#x440;&#x430;</subfield>
    <subfield code="2">UDC</subfield>
  </datafield>
  <datafield tag="999" ind1=" " ind2=" ">
    <subfield code="c">411744</subfield>
    <subfield code="d">411744</subfield>
  </datafield>
  <datafield tag="952" ind1=" " ind2=" ">
    <subfield code="0">0</subfield>
    <subfield code="1">0</subfield>
    <subfield code="2">udc</subfield>
    <subfield code="4">0</subfield>
    <subfield code="7">0</subfield>
    <subfield code="8">C_ZHULYNSKYI</subfield>
    <subfield code="a">101</subfield>
    <subfield code="b">101</subfield>
    <subfield code="d">2017-08-17</subfield>
    <subfield code="e">32/2017</subfield>
    <subfield code="g">25.00</subfield>
    <subfield code="i">154670</subfield>
    <subfield code="l">0</subfield>
    <subfield code="o">726(477-25)(091) &#x41A;17</subfield>
    <subfield code="p">154670</subfield>
    <subfield code="r">2021-12-10 00:00:00</subfield>
    <subfield code="w">2017-08-17</subfield>
    <subfield code="y">BK</subfield>
  </datafield>
</record>
